000 01213nam a2200265 i 4500
001 155532
003 ES-MaACL
005 20230906210120.0
008 980115m18801884sp |||| | spa d
040 _aNA
_bspa
_cNA
100 1 _aPrugent Lobera, Enrique.
_9167355
245 1 4 _aLos hombres de la Restauración /
_cautobiografías dirigidas y redactadas con la cooperación de distinguidos colaboradores por Enrique Prúgent.
250 _a1ª ed.
260 _aMadrid :
_b[s.n.],
_c1880-1884 (
_fEstablecimiento tipográfico de Gregorio Juste)
300 _a5 v. (266 p. ; 267 p. ; 270 p. ; 272 p. ; 270 p.) ;
_c32 cm.
510 4 _aPalau,
_c239914
530 _aDisponible en formato digital.
596 _aEl imp. del vol. III "Luis María Fuente" y el de los vol. IV y V "La Madre Patria"
596 _aMarca tip. en port de vol. I.
597 _aAntep.
650 0 4 _aEspañoles-
_xBiografías.
_912469
651 4 _aEspaña-
_xHistoria-
_y1874-1885, Alfonso XII.
_98265
852 _aES-MaACL
_jC-1588-89
_z-- Enc. ed. en tela rojo con hierros y cortes dorados
_q-- Contiene únicamente los T. I-II
856 _uhttp://bdh-rd.bne.es/viewer.vm?id=0000005019&page=1
_zBiblioteca Digital Hispánica
999 _c155532
_d155532